The Legend of Zelda: Breath of the Wild Characters and Bosses - Statistics

General Stats
  • This quiz has been taken 41 times
  • The average score is 32 of 55
Answer Stats
Prompt Answer % Correct
Protagonist Link
100%
Princess of Hyrule Princess Zelda
96%
Protagonist's Horse Epona
85%
Antagonist Calamity Ganon
81%
Antagonist's TRUE Form Dark Beast Ganon
81%
Divine Beast Boss Fireblight Ganon
81%
Zora Champion Mipha
81%
Divine Beast Boss Thunderblight Ganon
81%
Divine Beast Boss Waterblight Ganon
81%
Divine Beast Boss Windblight Ganon
81%
Chief Of Kakariko Village Impa
78%
Zora Prince Prince Sidon
78%
Guards The Master Sword Great Deku Tree
74%
Gerudo Champion Urbosa
74%
Gerudo Chief Riju
70%
Zora Divine Beast Vah Ruta
70%
Goron Champion's Grandson Yunobo
70%
Leader of the Yiga Clan Master Kohga
67%
Rito Champion Revali
67%
Rito Warrior's Son Tulin
67%
Goron Champion Daruk
63%
Rito Warrior Teba
63%
Gerudo Divine Beast Vah Naboris
63%
Rito That Plays The Accordian Kass
59%
The King of Hyrule's Disguise Name Old Man
59%
Rito Divine Beast Vah Medoh
59%
Goron Divine Beast Vah Rudania
59%
Dragon that Roams Eldin Dinraal
56%
Runs a Monster Shop At Night Kilton
56%
Dragon that Roams Hebra Naydra
56%
Chief of Kakariko Villages Granddaughter Paya
56%
Runs Akkala Tech Lab Robbie
56%
Sells Items Near Stables Beedle
52%
Akkala Tech Labs Robot That Sells Ancient Items Cherry
52%
Dragon that Roams Faron Farosh
52%
Zora King King Dorephan
52%
Runs Hateno Tech Lab Purah
52%
Robot Known For Its Scary Music Guardian
48%
Expands Your Inventory Hestu
48%
Builds a Town Hudson
44%
King of Hyrule King Rhoam Bosphoramus Hyrule
44%
Sells You a House Bolson
41%
DLC Boss Battle Monk Maz Koshia
41%
Zora Champion's Teacher Muzu
41%
Goron Elder Bludo
37%
Gerudo Chief's Bodyguard Buliara
37%
Gerudo Chief's Sand Seal Patricia
37%
Rito Elder Kaneli
30%
Horse God Malanya
30%
Runs a Dye Shop in Hateno Village Sayge
30%
The Legendary Shield Surfer Selmie
30%
Hylian That Predicts Blood Moons Hino
26%
Loves Flowers Magda
26%
Painter From Kakariko Village Pikango
26%
Their Assistant Symin
22%
No matching quizzes found
Score Distribution
Percent of People with Each Score
Percentile by Number Answered
Your Score History
You have not taken this quiz